000 00626nam a2200181 a 4500
005 20191224041822.0
008 160121s1994 ke fr|||| 000 0 eng d
040 _aCO-BoIAVH
_cCO-BoIAVH
041 0 _aspa
082 0 4 _a333.95
_bN12g
245 0 0 _aGuidelines for country studies on biological diversity /
_cUnited Nations Environment Programme
260 _aNairobi :
_bUnited Nations Environment programme,
_c1994?
300 _a75 páginas ;
_c30 x 21 cm.
650 6 _aDiversidad biológica
_vManual
650 6 _aServicios ambientales
650 6 _aÁreas Naturales Protegidas
942 _cLIBRO
_2ddc
999 _c5979
_d5979